000 00646nam a2200217 a 4500
001 BRCA_4513
005 20190320204711.0
008 200910s1947----mx-a######---#000-0#spa-#
041 _aspa
044 _amx
050 4 _aF1371
_b.T74 1947
100 1 _aTrens, Manuel Bartolomé
_911433
245 1 0 _aHistoria de Veracruz
_cManuel B. Trens.
260 _aJalapa, México
_bEnriquez
_c1947
300 _a655 p. (v.2)
_bil. (algunas a color), retratos, 105 láminas
_c24 cm.
500 _aCFG28
651 4 _aVeracruz (Estado)
_xHistoria
_911434
651 4 _aVeracruz
_xDominación española
_y1519-1808
_911435
902 _aGFM
942 _2lcc
_cB
999 _c4219
_d4219